Understanding search engines : mathematical modeling and text retrieval
Αποθηκεύτηκε σε:
| Κύριος συγγραφέας: | |
|---|---|
| Άλλοι συγγραφείς: | |
| Μορφή: | Βιβλίο |
| Γλώσσα: | English |
| Δημοσίευση: |
Philadelphia, PA :
SIAM, Society for Industrial and Applied Mathematics,
c2005
|
| Έκδοση: | 2nd ed. |
| Σειρά: | Software, environments, tools
|
| Θέματα: | |
| Ετικέτες: |
Προσθήκη ετικέτας
Δεν υπάρχουν, Καταχωρήστε ετικέτα πρώτοι!
|
MARC
| LEADER | 00000nam a2200000 i 4500 | ||
|---|---|---|---|
| 001 | 1/76352 | ||
| 008 | 080229s2005 eng d | ||
| 020 | |a 0-89871-581-4 (pbk.) | ||
| 035 | |l 10095159 | ||
| 040 | |a GR-MY-UA |b gre |e aacr | ||
| 041 | 0 | |a eng | |
| 082 | 0 | |a 025.04 |2 (22) | |
| 100 | 1 | |a Berry, Michael W. | |
| 245 | 1 | 0 | |a Understanding search engines : |b mathematical modeling and text retrieval / |c Michael W. Berry, Murray Browne |
| 250 | |a 2nd ed. | ||
| 260 | |a Philadelphia, PA : |b SIAM, Society for Industrial and Applied Mathematics, |c c2005 | ||
| 300 | |a xvii, 117 σ.; |b εικ.; |c 23 εκ. | ||
| 490 | 1 | |a Software, environments, tools | |
| 504 | |a Βιβλιογραφία : σ. 103-111. Ευρετήριο | ||
| 650 | 0 | 0 | |a Web search engines. |
| 650 | 0 | 0 | |a Vector spaces. |
| 650 | 0 | 0 | |a Text processing (Computer science) |
| 700 | 1 | |a Browne, Murray. | |
| 830 | 0 | |a Software, environments, tools | |
| 852 | |a INST |b CHIOS |e 20080229 |h 025.04 BER |p 005200027662 |q 005200027662 |t BK |y 0 | ||
| 901 | |a BIBL2-2008-1 | ||
| 909 | |a Χ |b 145850 | ||
| 922 | |a 2ΕΛΗ |b 200802 |c ΕΠΕΑΕΚ2/ΤΜΟΔ |d ΠΑΠΑΣΩΤΗΡΙΟΥ | ||
| 970 | |a ΒΑΡΦΗΣ |b ΒΑΓΓΕΛΗΣ |z 2008/02/29 | ||